The Myrmicine ant genus Allomerus Mayr (Hymenoptera: Formicidae) (Registro nro. 16301)

Detalles MARC
000 -CABECERA
Campo de control 004870000a22001570004500
090 ## - CLASIFICACIÓN LOCAL
Colección SERIADAS
044 ## - PAÍS DE PUBLICACIÓN
País de publicación
041 0# - IDIOMA
Código de idioma para texto/pista de sonido o título separado
100 1# - ASIENTO PRINCIPAL--NOMBRE PERSONAL
Nombre personal Fernández, Fernando
245 10 - MENCION DE TITULO
Título The Myrmicine ant genus Allomerus Mayr (Hymenoptera: Formicidae)
246 3# - FORMA VARIANTE DEL TITULO
Título propiamente dicho/forma breve del título El género de hormigas Myrmicinae Allomerus Mayr (Hymenoptera: Formicidae)
773 1# - Item fuente:
Título Caldasia
Detalles específicos del material Jun
Descripción física 1
Paginas del Articulo 159-175
Lugar, editorial y fecha de publicación 2007
Información sobre la relación 29
942 ## - ELEMENTOS ADICIONALES (KOHA)
Tipo de ítem Artículo

No hay ítems disponibles.